00432nam a2200109Ia 4500008004100000245016900041260002900210260000900239300000600248650001300254856005500267170516s9999 xx 000 0 und d aPreparation and In Vitro Evaluation of Ethylcellulose and Polymethacrylate Resins Loaded Microparticles Containing Hydrophilic Drug, Satish Pandav and Jitendra Naik bJournal of Pharmaceutics c2014 a: xPharmacy uhttps://www.hindawi.com/journals/jphar/contents/2/